01311nam a2200301 a 450000100100000000500170001000800410002702000150006804000250008304100390010808200250014710000280017224000550020024502130025525000110046826000620047930000210054153400690056265000430063165000330067470000290070770000270073670000550076370000360081804900090085495201290086399900170099200002349120200930022246.0101209s1990 mx 000 0 spa d a9688801844 aDO-SdBNPbspacBNPHU17aspaheng2Código de idiomas MARC a658.154bW458p, 19901 aWelsch, Glenn A.94840410aBudgeting, profit planning and control.lEspañol10aPresupuestos :bplanificación y control de utilidades /cGLenn A. Welsch, Ronald W. Hilton y Paul N. Gordon ; traducción Julián Vázquez Prada Gutiérrez ; revisión técnica Lourdes Linares Castro. a5a ed. aMéxico, D. F. :bPrentice Hall Hispanoamericana,c1990. a697 p. ;c23 cm. a[Título en inglés] :tBudgeting, profit planning and control 4aPresupuesto (empresas privadas)936083 4aPolítica financiera9470421 aHilton, Ronald W.9484051 aGordon, Paul N.9484061 aVázquez Prada Gutiérrez, Julián,etr.9484071 aLinares Castro, Lourdes.948408 aBNGR 001054708MOaGRbGRcHDd2010-12-09iLF1l0o658.154 W458p, 1990p23491-10r2020-06-25w2020-06-25y4ZPréstamo en sala c22987d22987